Ancient African kingdoms /

محفوظ في:

المؤلف الرئيسي: Shinnie, Margaret (مؤلف)

التنسيق: كتاب

اللغة: English

منشور في: New York : New American Library, [1970].

سلاسل: Mentor book.

الموضوعات:

الوسوم: إضافة وسم

لا توجد وسوم, كن أول من يضع وسما على هذه التسجيلة!

رقم الطلب: DT25 .S5 1970

LEADER 00858nam a2200253I 4500
001 3202
003 OSt
005 20260316064354.0
008 130303s1970 nyuab b 000 0 eng d
040 |c ARCE Library 
043 |a f------ 
050 4 |a DT25 .S5 1970 
100 1 |a Shinnie, Margaret,   |e author 
245 1 0 |a Ancient African kingdoms /  |c Margaret Shinnie. 
264 1 |a New York :  |b New American Library,  |c [1970]. 
300 |a 160 pages :  |b illustrations, maps ;  |c 18 cm. 
490 0 |a Mentor book. 
504 |a Bibliography : pages 155-156. 
505 0 |a The Land Showing with Wings -- Early man -- Kush -- Ghana, Mali, and Songhai -- Kanem-Bornu -- The Forest States -- The Lands of the Zanj -- The Stone Citadel of Zimbabwe. 
651 0 |a Africa  |x History. 
651 0 |a Africa  |x Civilization. 
901 |a reviewed 
942 |c BK  |2 lcc 
999 |c 8308  |d 8308